| 000 | 00966nam a2200253Ia 4500 | ||
|---|---|---|---|
| 001 | 18244 | ||
| 003 | GE_BSU | ||
| 008 | 181216s||||||||xx |||||||||||||| ||und|| | ||
| 020 | _a9783468496431 | ||
| 040 | _cGE_BSU | ||
| 080 | _a811.112 | ||
| 100 | _aPadros Alicia, Markus Biechele. | ||
| 245 | _aDidaktik der Landeskunde | ||
| 260 | _aMunchen | ||
| 260 | _bLangenscheidt | ||
| 260 | _c2003 | ||
| 300 | _a159 pages,ill,30cm. | ||
| 541 | _h63gel. | ||
| 653 | _aBibliographic information QR code for Didaktik der Landeskunde Didaktik der Landeskunde Cursos a distancia Volume 31 of Deutsch als Fremdsprache und Germanistik Fernstudienangebot Germanistik Volume 31 of Fernstudienprojekt zur Fort- und Weiterbildung im Bereich Germanistik und Deutsch als Fr | ||
| 653 | _aDidaktik der Landeskunde | ||
| 653 | _aLanguage Arts & Disciplines › Study & Teaching | ||
| 653 | _aგერმანული ენა (გრამატიკა) | ||
| 942 | _cBK | ||
| 999 |
_c51280 _d51280 |
||